• 首页
  • 本馆介绍
  • 公告通知
  • 最新文献
  • 馆藏检索
  • 电子资源
  • 读者导购
  • 参考咨询
  • 我的图书馆
  • 登录
  • 详细信息显示
  • 放入我的书架
  • 预约/预借图书
  • 作者相关作品
  • 分类相关作品
  • 丛书相关作品
  • 出版社相关作品

书目信息

  • 表格格式
  • 工作单格式
  • 卡片格式
题名:
中国经济形势与展望:1999-2000
    
 
作者: 马洪 , 王梦奎 主编
分册:  
出版信息: 北京   中国发展出版社  2000.04
页数: 241页
开本: 32开
丛书名:
单 册:
中图分类: F12-53
科图分类:
主题词: 经济--分析--中国 , 经济发展趋势--经济预测--中国--2000
电子资源:
ISBN: 7-80087-427-3
000 00688nam0 2200217 45
001 0204231003
005 20031219104055.0
010    @a7-80087-427-3@dCNY15.90
100    @a20020423d2000 km y0chiy0120 ea
101 0  @achi
105    @a z 000yy
200 1  @a中国经济形势与展望:1999-2000@AZhong Guo Jing Ji Xing Shi Yu Zhan Wang:1999-2000@f马洪,王梦奎主编@FMa Hong,Wang Meng Kui Zhu Bian
210    @a北京@c中国发展出版社@d2000.04
215    @a241页@d32开
606 0  @a经济@x分析@y中国
606 0  @a经济发展趋势@x经济预测@y中国@z2000
690    @aF12-53@v4
701    @a马洪@4主编
701  0 @a王梦奎@4主编
801    @aCN@bTSTC@c20020423
905    @b309065-069@dF12-53@e119@f5
    
    中国经济形势与展望:1999-2000/马洪,王梦奎主编.-北京:中国发展出版社,2000.04
    241页;32开
    
    
    ISBN 7-80087-427-3:CNY15.90
    
●
相关链接 在E读中查询图书 在五车中查询图书 在当当中查询图书 在豆瓣中查询图书


正题名:中国经济形势与展望:1999-2000     索取号:F12-53/119         预约/预借

序号 登录号 条形码 馆藏地/架位号 状态 备注
1 0309065   203090653   第一借阅区/ [索取号:F12-53/119] 在馆    
2 0309066   203090662   第一借阅区/ [索取号:F12-53/119] 在馆    
3 0309067   203090671   第一借阅区/ [索取号:F12-53/119] 在馆    
4 0309068   203090680   第一借阅区/ [索取号:F12-53/119] 在馆    
5 0309069   203090699   第一样本阅览室/ [索取号:F12-53/119] 在馆    
唐山师范学院图书馆 欢迎您!
大连网信软件有限公司© 版权所有